| Поле | Название | Значение |
| |
Тип записи |
a |
| |
Библиографический уровень |
m |
| 001 |
Контрольный номер |
cec7f90ecb374b60bfc27a28248aa0f1 |
| 005 |
Дата корректировки |
20220302085722.5 |
| 010 |
Индекс ISBN |
__ |
| a |
ISBN |
978-5-4461-0969-2 |
| d |
Цена |
439-40 |
| 100 |
Данные общей обработки |
__ |
| a |
Данные общей обработки |
20220302d2021####damy0rusy50######ca |
| 101 |
Язык документа |
0_ |
| a |
Язык текста |
rus |
| 102 |
Страна публикации |
__ |
| a |
Страна публикации |
RU |
| 200 |
Заглавие и сведения об ответственности |
1_ |
| a |
Заглавие |
Как заставить работать мозг в любом возрасте |
| e |
Сведения, относящиеся к заглавию |
японская система развития интеллекта и памяти |
| e |
Сведения, относящиеся к заглавию |
[книга для тех, кому от 9 до 99 лет] |
| f |
Первые сведения об ответственности |
Рюта Кавашима |
| g |
Последующие сведения об ответственности |
[перевела с японского А. Борисова] |
| 210 |
Выходные данные |
1_ |
| a |
Место издания |
Санкт-Петербург [и др.] |
| c |
Издательство |
Питер |
| d |
Дата издания |
2021 |
| 215 |
Физическое описание |
__ |
| a |
Объем |
157, [1] с. |
| c |
Иллюстрации/тип воспроизводства |
ил., табл. |
| 225 |
Серия (Журнальная рубрика) |
2_ |
| a |
Серия (Журнальная рубрика) |
Бестселлер |
| 225 |
Серия (Журнальная рубрика) |
2_ |
| a |
Серия (Журнальная рубрика) |
Серия "Вы и ваш ребенок" |
| 330 |
Аннотация |
__ |
| a |
Аннотация |
Автор выбрал сто вопросов, которые задавали ему дети и подростки. Простые ответы на непростые вопросы покажут путь к развитию памяти и интеллекта в любом возрасте. Отвечая на "детские" вопросы рассказывает о работе мозга, его тренировке и условиях эффективности до глубокой старости. |
| 333 |
Примечание о целевом назначении |
__ |
| a |
Примечание о целевом назначении |
12+ |
| 606 |
Тематические рубрики |
__ |
| a |
Основная рубрика |
Психология |
| 606 |
Тематические рубрики |
__ |
| a |
Основная рубрика |
Психические процессы |
| 610 |
Ключевые слова |
0_ |
| a |
Ключевые слова |
мозг (психология) |
| a |
Ключевые слова |
мозг (биология) |
| a |
Ключевые слова |
человеческий мозг |
| a |
Ключевые слова |
интеллект |
| a |
Ключевые слова |
память |
| a |
Ключевые слова |
повышение IQ |
| a |
Ключевые слова |
развитие интеллекта |
| a |
Ключевые слова |
развитие памяти |
| a |
Ключевые слова |
тренировка мозга |
| a |
Ключевые слова |
тренировка памяти |
| a |
Ключевые слова |
тренировка мышления |
| a |
Ключевые слова |
нейропсихология |
| a |
Ключевые слова |
саморазвитие |
| a |
Ключевые слова |
интеллектуальное развитие |
| 686 |
Индексы других классификаций |
__ |
| a |
Индекс ББК |
88.25 |
| 700 |
Автор |
_1 |
| a |
Фамилия |
Кавашима |
| b |
Имя |
Р. |
| g |
Полное личное имя |
Рюта |
| f |
Даты |
1959- |
| 702 |
Вторичная интеллектуальная ответственность |
_1 |
| a |
Фамилия |
Борисова |
| b |
Имя |
А. А. |
| g |
Полное личное имя |
Анна Александровна |
| 801 |
Источник записи |
_0 |
| a |
Страна |
RU |
| b |
Организация |
Центральная районная библиотека им. Г. А. Пирожникова |
| c |
Дата составления |
20220302 |
| g |
Правила каталогизации |
bzbo |
| 801 |
Источник записи |
_1 |
| a |
Страна |
RU |
| b |
Организация |
Центральная районная библиотека им. Г. А. Пирожникова |
| c |
Дата составления |
20220302 |
| g |
Правила каталогизации |
bzbo |
| 852 |
Данные о местонахождении |
__ |
| j |
Шифр хранения |
88.25 |
| i |
Авторский знак |
К 125 |
| 901 |
Тип документа |
__ |
| t |
Тип документа |
m |
| 902 |
Роль лиц |
__ |
| a |
Создатель БЗ |
ОКиО/Шумских |